| 000 | 01306nam a2200229 a 4500 | ||
|---|---|---|---|
| 008 | 161215t2003 mx |||g |||| 001 1 spa d | ||
| 020 | _a987000251X | ||
| 092 |
_c808.8 _l49 _sLOQ |
||
| 245 | 7 |
_aLo que murmura el viento. _bUn regalo para el corazón / _cAnthony de Mello |
|
| 250 | _a1a ed. | ||
| 260 |
_aBuenos Aires ; Mexico: _bLumen; _c2003. |
||
| 300 | _a173 p. | ||
| 500 | _aDe Mello, A. et al. (2003). Lo que murmura el viento. Un regalo para el corazón. (1a ed.). Buenos Aires : Lumen. | ||
| 505 | _aEste libro es un regalo para el corazón, para tu corazón cansado, endurecido por el trajín cotidiano. Descubrirás que tu corazón aún es capaz de sorprenderse. Que la vida del espíritu es una gran fuente de agua fresca que está constantemente fluyendo en ti. Cuatro grandes autores de espiritualidad contemporánea opinan sobre cómo hallar la serenidad interior, cómo combatir el estrés, cómo revitalizar nuestra relación con Dios..., en fin, te ofrecen un gozoso regalo. Sólo tienes que recibirlo a manos llenas. | ||
| 590 | _aProyecto 4to libro. Donación Constanzo Juan Carlos | ||
| 655 |
_aRelatos _93105 |
||
| 700 | 1 |
_aDe Mello, Anthony _93219 |
|
| 700 | 1 |
_aLarrañaga, Ignacio _93220 |
|
| 700 | 1 |
_aMerton, Thomas _93221 |
|
| 700 | 1 |
_aNouwen, Henri _93222 |
|
| 942 |
_2ddc _cLIT |
||
| 999 |
_c2399 _d2399 |
||